| Поле | Инд. | ПП | Название | Значение |
|---|---|---|---|---|
| Тип записи | a | |||
| Библиографический уровень | b | |||
| 001 | Контрольный номер | RU/IS/BASE/102689380 | ||
| 005 | Дата корректировки | 20200528185459.8 | ||
| 084 | a | Индекс другой классификации/Индекс ББК | 60.023; 60.027 | |
| 100 | 1_ | a | Автор | Романович А. Л. |
| 245 | a | Заглавие | Проблема безопасности в контексте устойчивого развития | |
| 504 | a | Библиография | Библиогр. - Примеч.: с. 17 | |
| 650 | a | Основная рубрика | социальная философия | |
| a | Основная рубрика | философия | ||
| 653 | a | Ключевые слова | безопасность жизнедеятельности | |
| a | Ключевые слова | безопасность человечества | ||
| a | Ключевые слова | глобалистика | ||
| a | Ключевые слова | глобальные проблемы | ||
| a | Ключевые слова | неустойчивое развитие | ||
| a | Ключевые слова | ноосферное мировоззрение | ||
| a | Ключевые слова | обеспечение безопасности | ||
| a | Ключевые слова | общественная безопасность | ||
| a | Ключевые слова | общество | ||
| a | Ключевые слова | политика | ||
| a | Ключевые слова | природа | ||
| a | Ключевые слова | система "общество-природа" | ||
| a | Ключевые слова | современное общество | ||
| a | Ключевые слова | социальное согласие | ||
| a | Ключевые слова | социальные взаимодействия | ||
| a | Ключевые слова | социальные проблемы | ||
| a | Ключевые слова | социоприродное развитие | ||
| a | Ключевые слова | устойчивое политическое развитие | ||
| a | Ключевые слова | устойчивое развитие | ||
| a | Ключевые слова | устойчивое социально-экономическое развитие | ||
| a | Ключевые слова | устойчивое экологическое развитие | ||
| a | Ключевые слова | цивилизационное развитие | ||
| a | Ключевые слова | цивилизация | ||
| a | Ключевые слова | человек | ||
| a | Ключевые слова | экологическая безопасность | ||
| a | Ключевые слова | экология | ||
| 773 | t | Заглавие источника | Социально-гуманитарные знания | |
| d | Дата издания источника | 2003 | ||
| g | Прочая информация | № 1. - С. 3 - 17 | ||
| w | Контрольный № источника | RU/IS/BASE/101491030 | ||
| 901 | t | Тип документа | b |